000 00762nam a2200241Ia 4500
003 OSt
005 20220925204821.0
006 a|||||r|||| 00| 0
007 ta
008 220923b |||||||| |||| 00| 0 eng d
037 _cGeneral Book
040 _aRTL
_cRTL
_beng
041 _2eng
_aeng
082 _aX 9 (J).255s, M7/GD
110 _aGovt of Madhya Pradesh. Land records and settlement (commissioner)
_9269031
245 0 _aBasic agricultural statistics.
260 _aGwalior
_bGovt Press India
_c1987
300 _a163p.
_ccm.
650 _aUttar Pradesh
700 _aGovt of Madhya Pradesh. Land records and settlement (commissioner)
_9269032
942 _hX 9 (J).255s, M7/GD
_cGB
_2CC
999 _c550504
_d550504